Κοινωνικά συστήματα στον εικοστό αιώνα
Αποθηκεύτηκε σε:
| Κύριος συγγραφέας: | |
|---|---|
| Μορφή: | Βιβλίο |
| Γλώσσα: | Greek |
| Δημοσίευση: |
Αθήνα :
Gutenberg,
1988.
|
| Σειρά: | Κοινωνιoλογική και ανθρωπολογική βιβλιοθήκη (Gutenberg)
; 21 |
| Θέματα: | |
| Ετικέτες: |
Προσθήκη ετικέτας
Δεν υπάρχουν, Καταχωρήστε ετικέτα πρώτοι!
|
MARC
| LEADER | 00000cam a2200000 i 4500 | ||
|---|---|---|---|
| 001 | 1/49674 | ||
| 008 | 960219s1988 gr | ||| |||| ||gre|| | ||
| 020 | |a 9600100535 | ||
| 035 | |l 10026875 | ||
| 040 | |a GR-MY-UA |b gre |e aacr | ||
| 041 | 0 | |a gre | |
| 082 | 7 | |a 301.0904 |2 (22) | |
| 100 | 1 | |a Φίλιας, Βασίλης Ι., |d 1927- | |
| 245 | 1 | 0 | |a Κοινωνικά συστήματα στον εικοστό αιώνα / |c Βασίλη Φίλια. |
| 260 | |a Αθήνα : |b Gutenberg, |c 1988. | ||
| 300 | |a 2τ ; |c 21 εκ. | ||
| 490 | 1 | |a (Κοινωνιολογική και ανθρωπολογική βιβλιοθήκη / Gutenberg ; |v 21) | |
| 504 | |a Περιλαμβάνει βιβλιογραφικές παραπομπές. | ||
| 650 | 0 | 0 | |a Social systems. |
| 650 | 0 | 0 | |a Social sciences |x Philosophy. |
| 650 | 0 | 0 | |a Political science. |
| 830 | 0 | |a Κοινωνιoλογική και ανθρωπολογική βιβλιοθήκη (Gutenberg) |v ; 21 | |
| 852 | |a INST |b CHIOS |e 19960219 |h 301.0904 ΦΙΛ |p 005200000945 |q 005200000945 |t BK |y 0 |z τ.1 | ||
| 852 | |a INST |b CHIOS |e 19960219 |h 301.0904 ΦΙΛ |p 005200000945 |q 005200000945 |t BK |v τ.1: |y 0 |z τ.1 | ||
| 853 | |a INST |b CHIOS |h 301.0904 ΦΙΛ | ||
| 909 | |a Χ |b 016074 | ||
| 970 | |z 1996/01 | ||